Statistics for Political Parties in the Dáil Éireann (Ireland)

Click here to take the quiz!

General Stats

  • This quiz has been taken 41 times
  • The average score is 7 of 9

Answer Stats

SeatsPolitical PositionParty% Correct
37Centre-left to Left-wingSinn Féin
100%
36Centre-rightFianna Fáil
95%
34Centre-rightFine Gael
95%
7Centre-leftLabour Party
95%
12Centre-leftGreen Party
87%
5Left-wing to Far-leftPeople Before Profit/Solidarity
79%
6Centre-leftSocial Democrats
76%
1SyncreticAontú
68%
1Left-wingRight to Change
29%

Score Distribution

Percentile by Number Answered

Percent of People with Each Score

Your Score History

You have not taken this quiz